Textbook of Business Studies: (Record no. 184014)

MARC details
000 -LEADER
fixed length control field 00550nam a22001817a 4500
005 - DATE AND TIME OF LATEST TRANSACTION
control field 20220110155722.0
010 ## - LCCN (DPL NO)
LC control number ENG-131061
020 ## - INTERNATIONAL STANDARD BOOK NUMBER
International Standard Book Number 978-93-52-838-639
Terms of availability 400.00
035 ## - SYSTEM CONTROL NUMBER
System control number EN-114593
037 ## - SOURCE OF ACQUISITION
Source of stock number/acquisition DBAD
082 ## - DEWEY DECIMAL CLASSIFICATION NUMBER
Classification number 650
100 ## - MAIN ENTRY--PERSONAL NAME
Personal name Wason, V.
245 ## - TITLE STATEMENT
Title Textbook of Business Studies:
Statement of responsibility, etc V. Wason
Remainder of title Incorporates/
260 ## - PUBLICATION, DISTRIBUTION, ETC. (IMPRINT)
Place of publication, distribution, etc New Delhi
Name of publisher, distributor, etc S Chand School Books
Date of publication, distribution, etc 2013
270 ## - ADDRESS
City New Delhi
Address A-27, 2nd Floor, Mohan Co-operative Industrial Estate
Postal code 110044
300 ## - PHYSICAL DESCRIPTION
Extent 254p.
Dimensions 24cm(pbk)
942 ## - ADDED ENTRY ELEMENTS (KOHA)
Source of classification or shelving scheme Dewey Decimal Classification
Item type English Books
Classification part 650
Call number suffix WAS
Holdings
Withdrawn status Lost status Not for loan Collection code Home library Current library Date acquired Source of acquisition Cost, normal purchase price Full call number Barcode Copy number Cost, replacement price Koha item type
    Not For Loan Non-fiction Central Library Central Library 10/01/2022 DBAD/PUB 400.00 650 WAS EN-114593 1 400.00 English Books

© Delhi Public Library
Hit Counter
free hit counter